Statistiques concernant Paroles - 1000°C - Lomepal ft. Roméo Elvis

Cliquez ici pour prendre le quiz!

Statistiques générales

  • Ce quiz a été pris 1 205 fois
  • Le résultat moyen est 248 sur 339

Statistiques - réponses

Paroles% Correct
la
99%
là,
99%
dans
98%
de
98%
(Hey) Les
97%
Le
97%
le
97%
les
96%
me
96%
Mille
94%
à
92%
à...
92%
degrés
92%
je
92%
ma
92%
soirée,
92%
personne
89%
peut
89%
que
89%
Un
89%
un
89%
et-
88%
Et
88%
et
88%
on
88%
On
88%
par
88%
Se
88%
Ferme
87%
Pas
87%
pas
87%
stopper
87%
j'ai
86%
J'ai
86%
yeux
86%
va-
85%
va
85%
au
83%
demain
83%
Il
83%
il
83%
comme
81%
pour
81%
si
81%
stores,
81%
trou
81%
Du
80%
du
80%
Mais
80%
autre
79%
C'est
79%
c'est
79%
mon
79%
Mon
79%
pied
79%
faire
78%
fais
78%
flammes,
78%
quelque
78%
trouvé
78%
fou
77%
place
77%
te
77%
glace
76%
qui
75%
tu
75%
ai
74%
est
74%
extrêmes,
74%
vie
74%
c'que
73%
dit
72%
ton
72%
des
71%
d'mieux
71%
fermer
71%
j'en
71%
reste
71%
une
70%
calmant,
69%
calmant, (hey, hey, hey, hey)
69%
calmant (hmm)
69%
d'jà
69%
prénom
69%
Séduit
69%
Même
68%
même
68%
oublié
68%
plus
68%
quelques
68%
rien
68%
Rien
68%
Toujours
68%
toujours
68%
toute
68%
calme,
67%
pénombre,
67%
retarder
67%
encore
66%
foutre,
66%
j'éjacule
66%
style
66%
battements
65%
foutu
65%
Paris
65%
partout
65%
l'année (hey, hey, hey, hey)
64%
m'en
64%
caisse,
63%
capitale
63%
m'reste
63%
parle
63%
plissés
63%
tard,
63%
tous
63%
fête
62%
vient
62%
dégâts
61%
maman
61%
verra
61%
chose
60%
jambe,
60%
Lâcher
60%
Quand
60%
quand
60%
qu'il
60%
soirs
60%
troisième
60%
"Despacito",
59%
doigt
58%
juste
58%
lève
58%
monde
58%
qu'j'ai
58%
sur
58%
tôt
58%
Bruxelles-
57%
chanson
57%
faut
57%
y'a
57%
appart',
56%
j'quittais
56%
méchant,
56%
Conscience
55%
faux
55%
l'espoir
55%
trop
55%
300
54%
député
54%
douaniers (jamais)
54%
européen (hey, hey, hey)
54%
frère
54%
j'connais
54%
ne
54%
serrés
54%
vouloir,
54%
décapitée,
53%
freins
53%
lier,
53%
noir
53%
Parlement
53%
QG
53%
sourires,
53%
créneau
52%
Nos
52%
nos
52%
s'maine
51%
couilles,
50%
m'l'as
50%
moi,
50%
poches
50%
d'doutes,
49%
cours
48%
suis
48%
vident
48%
qu'est
47%
souvent
47%
travailler
47%
triste
47%
J'suis
46%
large
46%
quart
46%
sexe
45%
après
44%
laisser
44%
musique
44%
repéré
44%
siècle ?
44%
Aïe
43%
balle
43%
max
43%
pensait
43%
traine,
43%
têtes
42%
touche
42%
foutoir
40%
l'argent
40%
qu'j'allais
40%
s'passe
40%
avant
39%
l'usine,
39%
Commun
38%
c'qui
38%
L'avenir,
37%
fois,
36%
menais
34%
m'ait
32%
vu
27%
ouais,
26%
L'Or
25%
qu'j'bosse
23%
ksaar,
11%

Distribution des résultats

Percentile par nombre de réponses

% des personnes avec chaque résultat

Votre développement - résultats

Vous n’avez pas pris ce quiz